Catálogo
 En Linea

Dominicanos ilustres : (Registro nro. 33061)

Detalles MARC
000 -CABECERA
campo de control de longitud fija 00527nam a2200157 a 4500
001 - NÚMERO DE CONTROL
campo de control 000033570
005 - FECHA Y HORA DE LA ÚLTIMA TRANSACCIÓN
campo de control 20240306073904.0
008 - DATOS DE LONGITUD FIJA--INFORMACIÓN GENERAL
campo de control de longitud fija 110831s1960 dr r 000 0 spa d
040 ## - FUENTE DE LA CATALOGACIÓN
Centro catalogador/agencia de origen DO-SdBNP
Lengua de catalogación spa
Centro/agencia transcriptor BNPHU
082 ## - NÚMERO DE LA CLASIFICACIÓN DECIMAL DEWEY
Número de clasificación xxxx
Número de documento/Ítem A385d
100 1# - ENTRADA PRINCIPAL--NOMBRE DE PERSONA
Nombre de persona Alfau Durán, Vetilio,
Fechas asociadas al nombre 1909-1985
9 (RLIN) 10091
245 10 - MENCIÓN DE TÍTULO
Título Dominicanos ilustres :
Resto del título Zafra (apunte sobre su biografía) /
Mención de responsabilidad, etc. Vetilio Alfáu Durán.
260 ## - PUBLICACIÓN, DISTRIBUCIÓN, ETC.
Lugar de publicación, distribución, etc. Ciudad Trujillo, República Dominicana :
Nombre del editor, distribuidor, etc. Montalvo,
Fecha de publicación, distribución, etc. 1960.
300 ## - DESCRIPCIÓN FÍSICA
Extensión 18 p. ;
Dimensiones 24 cm.
590 ## - NOTA LOCAL (RLIN)
Nota local Inventariado, 2019/VM
Existencias
Estado de retiro Estado de pérdida No para préstamo Código de colección Localización permanente Ubicación/localización actual Ubicación en estantería Fecha de adquisición Número de inventario Total de préstamos Signatura topográfica completa Código de barras Fecha visto por última vez Precio válido a partir de Tipo de ítem Koha Nota pública
    Excluido de préstamo Patrimonio Dominicano Patrimonio Dominicano Patrimonio Dominicano En catalogación 31.08.2011 LF1   xxxx A385d 33570-10 25.06.2020 25.06.2020 Libro y Folleto Colección Patrimonio Dominicano Perteneció a la biblioteca personal de Martínez Boog

Con tecnología Koha